000 00432nam a2200181Ia 4500
001 1434
005 20260306143728.0
008 260306t2001||||xx |||||||||||||| ||spa||
041 _aESP
082 _a150.1
_bCH513
100 _aChacón Fuertes, Pedro
_eAUT
245 0 _aFilosofía de la Psicología
260 _c2001
300 _a317 páginas :
_c24 x 17 cm.
650 _aGEN
654 _aCPS
942 _cLIB
_dJUS
_fJUS
_2ddc
_n
999 _c1434
_d1434